The Made in India Manager: (Record no. 188345)

MARC details
000 -LEADER
fixed length control field 00703nam a22001937a 4500
005 - DATE AND TIME OF LATEST TRANSACTION
control field 20220519124035.0
010 ## - LCCN (DPL NO)
LC control number ENG-132692
020 ## - INTERNATIONAL STANDARD BOOK NUMBER
International Standard Book Number 9789388322515
Terms of availability 399.00
035 ## - SYSTEM CONTROL NUMBER
System control number EN-116224
037 ## - SOURCE OF ACQUISITION
Source of stock number/acquisition DBAD/PUB
082 ## - DEWEY DECIMAL CLASSIFICATION NUMBER
Classification number 658.400954
100 ## - MAIN ENTRY--PERSONAL NAME
Personal name Gopalakrishnan, R.
245 ## - TITLE STATEMENT
Title The Made in India Manager:
Remainder of title How To Use Indian Cultural Influences on a Global Stage/
Statement of responsibility, etc R. Gopalakrishnan and Ranjan Banerjee
260 ## - PUBLICATION, DISTRIBUTION, ETC. (IMPRINT)
Place of publication, distribution, etc Gurugram
Name of publisher, distributor, etc Hachette Books Publsihing India Pvt. Ltd
Date of publication, distribution, etc 2019
270 ## - ADDRESS
Address 4th & 5th Floors, Corporate Centre, Plot No. 94, Sector 44
City Gurugram
Postal code 122003
300 ## - PHYSICAL DESCRIPTION
Extent xix, 196p.
Dimensions 20cm(pbk)
700 ## - ADDED ENTRY--PERSONAL NAME
Personal name Banerjee, Ranjan
942 ## - ADDED ENTRY ELEMENTS (KOHA)
Source of classification or shelving scheme Dewey Decimal Classification
Item type English Books
Classification part 658.400954
Call number suffix GOP
Holdings
Withdrawn status Lost status Not for loan Collection code Home library Current library Date acquired Source of acquisition Cost, normal purchase price Full call number Barcode Copy number Cost, replacement price Koha item type
      Non-fiction Patel Nagar Patel Nagar 19/05/2022 DBAD/PUB 399.00 658.400954 GOP EN-116224 1 399.00 English Books

© Delhi Public Library
Hit Counter
free hit counter